| 000 | 00000cas 2200000zi 4500 |
| 001 | 9.931907 |
| 003 | CaOODSP |
| 005 | 20260327111015 |
| 006 | m o d f |
| 007 | cr cn||||||||| |
| 008 | 240102c20129999oncar p o f0###b0fre|d |
| 022 | |a2817-9331 |
| 040 | |aCaOODSP|bfre|erda|cCaOODSP |
| 043 | |an-cn--- |
| 086 | 1 |aPS75-13F-PDF |
| 110 | 1 |aCanada. |bCommission civile d'examen et de traitement des plaintes relatives à la GRC, |eauteur, |eorganisme de publication. |
| 222 | 0|aÉtats financiers prospectifs, exercices se terminant le ... |b(Canada. Commission civile d'examen et de traitement des plaintes relatives à la GRC) |
| 245 | 10|aÉtats financiers prospectifs, exercices se terminant le ... |
| 246 | 13|aÉtats financiers prospectifs pour l'exercices se terminant le ... |
| 264 | 1|a[Ottawa] : |bCommission civile d'examen et de traitement des plaintes relatives à la GRC, |c[2011]- |
| 310 | |aAnnuel |
| 336 | |atexte|btxt|2rdacontent/fre |
| 337 | |ainformatique|bc|2rdamedia/fre |
| 338 | |aressource en ligne|bcr|2rdacarrier/fre |
| 362 | 1 |aParaît depuis : 31 mars 2011 et 31 mars 2012. |
| 500 | |aPublié aussi en anglais sous le titre : Future-oriented financial statements for the years ending ... |
| 500 | |aLes livraisons de 31 mars 2011 et 31 mars 2012-31 mars 2016 et 31 mars 2017 sont disponibles en format HTML seulement. |
| 588 | |aDescription d'après : 31 mars 2011 et 31 mars 2012; titre de l'en-tête de la version HTML. |
| 588 | |aDernière livraison consultée : 31 mars 2023 et 31 mars 2024. |
| 610 | 16|aCanada. |bCommission civile d'examen et de traitement des plaintes relatives à la GRC|vPériodiques. |
| 650 | 6|aÉtats financiers|zCanada|vPériodiques. |
| 650 | 6|aFinances publiques|zCanada|xPrévision|vPériodiques. |
| 655 | 7|aPériodiques|2rvmgf |
| 775 | 08|tFuture-oriented financial statements for the years ending ...|w(CaOODSP)9.931908 |
| 856 | 40|qHTML|ss.o.|uhttps://www.crcc-ccetp.gc.ca/fr/tats-financiers-prospectifs |